000 00882nam a2200253 a 4500
001 000010703
005 20200929162258.0
008 091009s1996 dr a 000 0 spa d
020 _a8484001911
040 _aDO-SdBNP
082 _a621.56
_bM843n
100 1 _aMoreno San Juan, José Luis
_92397
245 1 0 _aNociones de refrigeración y temas afines /
_cJosé Luis Moreno San Juan.
260 _aSanto Domingo :
_bFacultad de Ingenieria y Arquitectura de la UASD,
_c1996.
300 _a390 p. :
_bil. ;
_c28 cm.
500 _aIncluye datos biográficos del autor en la contracubierta
500 _aIncluye notas al pie de las páginas
504 _aIncluye referencias bibliográficas (p. 391)
650 4 _aRefrigeración
_920474
650 4 _aAire acondicionado
_920475
650 4 _aFrigorifícos
_920476
650 4 _aAlmacenamiento en frio
_920477
049 _aBNPD
999 _c10458
_d10458